Quantitative decision making for business
Saved in:
| 主要作者: | |
|---|---|
| 其他作者: | , |
| 格式: | 图书 |
| 出版: |
Englewood Cliffs, NJ :
Prentice Hall,
©1990.
|
| 版: | 3rd ed. |
| 主题: | |
| 标签: |
添加标签
没有标签, 成为第一个标记此记录!
|
MARC
| LEADER | 00000nam a22000007a 4500 | ||
|---|---|---|---|
| 020 | |a 013746827X | ||
| 040 | |a MUL |b eng |e AACR | ||
| 082 | |a 519.5 GOR | ||
| 100 | |a Gordon, Gilbert | ||
| 245 | |a Quantitative decision making for business |c / Gilbert Gordon, Israel Pressman and Sanford Cohen | ||
| 250 | |a 3rd ed. | ||
| 260 | |a Englewood Cliffs, NJ : |b Prentice Hall, |c ©1990. | ||
| 300 | |a xii, 670 p. : |b ill. ; |c 24 cm. | ||
| 504 | |a Includes index | ||
| 546 | |a eng | ||
| 650 | |a Decision making--Mathematical models | ||
| 650 | |a Decision making | ||
| 650 | |a Statistical decision | ||
| 650 | |a Management science | ||
| 700 | |a Pressman, Israel | ||
| 700 | |a Cohen, Sanford | ||
| 942 | |c BK | ||
| 999 | |c 10026 |d 10026 | ||